Datum a čas kvízu
29
Celkem bodů
Celkový počet nahraných bodů na tomto kvízu bez doplňovacích otázek.
9.
Pořadí na kvízu
Konečné umístění týmu na tomto kvízu.
Zaznamenané odpovědi
| # | Otázka | Odpověď | Body | Výsledky |
|---|---|---|---|---|
| 1. | Automobilka Škoda v minulém tý... | Laurin & Klement Kampus | 1 | |
| 2. | Které tři evropské země uznaly... | Norsko, Španělsko, Irsko | 0.5 | |
| 3. | V minulém týdnu česká média in... | Jeremy Clarkson | 1 | |
| 4. | Vermontská státní univerzita u... | kočkou (kocourem) | 0 | |
| 5. | Jak se jmenuje 23letý český te... | Tomáš Macháč | 1 | |
| 6. | Jak se nazývají dva nejdůležit... | Franská říše, Byzantská (Východořímská) říše | 1 | |
| 7. | Jak se jmenoval významný střed... | Magna Carta (Magna charta libertatum) | 0 | |
| 8. | Na fotografii vidíme sochu prv... | Arnošt z Pardubic | 0 | |
| 9. | Vytvořte z těchto středověkých... | 1A 2B 3C 4D | 0 | |
| 10. | Závěrem tématu se podíváme na... | tulipán | 0 |